<?xml version="1.0" encoding="UTF-8"?>
<record
    xmlns:xsi="http://www.w3.org/2001/XMLSchema-instance"
    xsi:schemaLocation="http://www.loc.gov/MARC21/slim http://www.loc.gov/standards/marcxml/schema/MARC21slim.xsd"
    xmlns="http://www.loc.gov/MARC21/slim">

  <leader>02840nam a2200349 u 4500</leader>
  <controlfield tag="001">1424985</controlfield>
  <controlfield tag="005">20240131085754.0</controlfield>
  <controlfield tag="007">cr|||||||</controlfield>
  <controlfield tag="008">151022s2015                        spa  </controlfield>
  <datafield tag="035" ind1=" " ind2=" ">
    <subfield code="a">1424985</subfield>
  </datafield>
  <datafield tag="040" ind1=" " ind2=" ">
    <subfield code="c">comduadb</subfield>
  </datafield>
  <datafield tag="041" ind1=" " ind2=" ">
    <subfield code="a">spa</subfield>
  </datafield>
  <datafield tag="080" ind1=" " ind2=" ">
    <subfield code="a">PQU</subfield>
  </datafield>
  <datafield tag="100" ind1="1" ind2="0">
    <subfield code="a">Londo&#xF1;o May, Erika</subfield>
    <subfield code="4">aut</subfield>
    <subfield code="e">aut</subfield>
    <subfield code="9">724802</subfield>
  </datafield>
  <datafield tag="245" ind1="1" ind2="0">
    <subfield code="a">Validaci&#xF3;n de un m&#xE9;todo de an&#xE1;lisis de aguas para determinaci&#xF3;n de nitratos utilizando la t&#xE9;cnica de ion selectivo</subfield>
  </datafield>
  <datafield tag="260" ind1=" " ind2=" ">
    <subfield code="a">Medell&#xED;n :</subfield>
    <subfield code="b">[sin publicador],</subfield>
    <subfield code="c">2015.</subfield>
  </datafield>
  <datafield tag="300" ind1=" " ind2=" ">
    <subfield code="a">62 p&#xE1;ginas</subfield>
  </datafield>
  <datafield tag="500" ind1=" " ind2=" ">
    <subfield code="a">Clasificaci&#xF3;n: PQU 09784, Centro de Documentaci&#xF3;n de Ingenier&#xED;a -CENDOI, 20-146.</subfield>
  </datafield>
  <datafield tag="520" ind1="3" ind2=" ">
    <subfield code="a">El Laboratorio de Cornare deseaba reemplazar el m&#xE9;todo de Reducci&#xF3;n Cadmio-Cobre debido a la contaminaci&#xF3;n de este, el gran gasto de reactivos y el tiempo elevado para analizarse una muestra por esta t&#xE9;cnica. El presente estudio se bas&#xF3; en la validaci&#xF3;n de la t&#xE9;cnica de Ion selectivo, el cual es un m&#xE9;todo potenciom&#xE9;trico para cuantificar nitratos en todo tipo de muestras. Esta validaci&#xF3;n que es un requisito fundamental de la Norma NTC/-ISO/IEC 17025 que dictamina los requisitos generales para la competencia de los laboratorios de ensayo y calibraci&#xF3;n, incluy&#xF3; varias pruebas para determinar con fundamento estad&#xED;stico que el m&#xE9;todo de Ion selectivo es adecuado para los fines previstos. Las pruebas incluyeron selectividad, sensibilidad, l&#xED;mite de cuantificaci&#xF3;n, exactitud, precisi&#xF3;n, significancia, robustez, incertidumbre del m&#xE9;todo y aplicabilidad. La metodolog&#xED;a desarrollada incluy&#xF3; cuatro tipos de muestras; agua para consumo humano, agua natural, agua residual y est&#xE1;ndares. Bas&#xE1;ndose en los resultados para los cuatro tipos de muestras y el an&#xE1;lisis estad&#xED;stico correspondiente en cada prueba, se determin&#xF3; que el m&#xE9;todo de Ion selectivo es aplicable para hacer el an&#xE1;lisis a agua potable,  agua natural y est&#xE1;ndares, pero no para aguas residuales debido a que la prueba de significancia no dio buenos resultados. La incertidumbre de la curva de calibraci&#xF3;n y del m&#xE9;todo anal&#xED;tico, dan gran confiabilidad a los resultados ya que la incertidumbre relativa expandida dio un valor de 10,1%. Se concluye que el m&#xE9;todo de ion selectivo es apto para realizar mediciones cuantitativas de nitratos ya que es un m&#xE9;todo preciso, exacto, sensible y confiable.</subfield>
  </datafield>
  <datafield tag="650" ind1=" " ind2=" ">
    <subfield code="a">Validaci&#xF3;n</subfield>
    <subfield code="9">187249</subfield>
  </datafield>
  <datafield tag="650" ind1=" " ind2=" ">
    <subfield code="a">M&#xE9;todos de reducci&#xF3;n</subfield>
    <subfield code="9">35423</subfield>
  </datafield>
  <datafield tag="650" ind1=" " ind2=" ">
    <subfield code="a">Cadmio</subfield>
    <subfield code="9">18717</subfield>
  </datafield>
  <datafield tag="650" ind1=" " ind2=" ">
    <subfield code="a">Cobre</subfield>
    <subfield code="9">10066</subfield>
  </datafield>
  <datafield tag="650" ind1=" " ind2="7">
    <subfield code="a">Agua potable</subfield>
    <subfield code="2">embne</subfield>
    <subfield code="9">2293</subfield>
  </datafield>
  <datafield tag="650" ind1=" " ind2="7">
    <subfield code="a">Aguas residuales</subfield>
    <subfield code="2">dcs</subfield>
    <subfield code="9">28203</subfield>
  </datafield>
  <datafield tag="650" ind1=" " ind2=" ">
    <subfield code="a">Est&#xE1;ndares</subfield>
    <subfield code="9">200244</subfield>
  </datafield>
  <datafield tag="700" ind1="1" ind2="0">
    <subfield code="a">Barrera Zapata, Rolando</subfield>
    <subfield code="4">ths</subfield>
    <subfield code="e">ths</subfield>
    <subfield code="9">594571</subfield>
  </datafield>
  <datafield tag="856" ind1="4" ind2=" ">
    <subfield code="u">https://drive.google.com/file/d/0BwecnWVz7HZoUmdZaEdyeVV0WUU/view?usp=sharing</subfield>
  </datafield>
  <datafield tag="942" ind1=" " ind2=" ">
    <subfield code="c">TESIS</subfield>
    <subfield code="n">0</subfield>
  </datafield>
  <datafield tag="999" ind1=" " ind2=" ">
    <subfield code="c">726357</subfield>
    <subfield code="d">726357</subfield>
  </datafield>
  <datafield tag="502" ind1=" " ind2=" ">
    <subfield code="b">178</subfield>
    <subfield code="c">17</subfield>
  </datafield>
  <datafield tag="526" ind1=" " ind2=" ">
    <subfield code="a">180</subfield>
  </datafield>
</record>
